000 00828pam a2200265 a 4500
999 _c2533
_d2533
003 OSt
005 20210713085240.0
008 810717s1981 enka b 001 0 eng
020 _a0853122075 :
040 _cALUPE UNIVERSITY
050 1 0 _aRS 403
_b.T39 1981
060 _aQV 744 T243i
100 1 _aTaylor, J. B.
_d1939-
245 1 0 _aIntroductory medicinal chemistry /
_cJ.B. Taylor and P.D. Kennewell.
260 _aChichester :
_bEllis Horwood ;
_aNew York :
_bHalsted Press,
_c1981.
300 _a202 p. :
_bill. ;
_c23 cm.
500 _aIncludes index.
504 _aBibliography: p. [189]-191.
650 0 _aPharmacology.
650 0 _aPharmaceutical chemistry.
650 2 _aChemistry, Pharmaceutical.
700 1 _aKennewell, P. D.
906 _a7
_bcbc
_corignew
_d1
_eocip
_f19
_gy-gencatlg
942 _2lcc
_cBK
_nPW